00317nam a2200133Ia 4500008004100000020001500041041001200056082001600068100001300084245003700097260002500134300000800159650001600167221030s9999 xx 000 0 und d a0876921217 aEnglish a105.23bWor aT. Worth 0aCobol For Beginnerscby T. Worth bPHIaNew Delhic1992 a369 aBE Computer